Códice Borgia (Record no. 1482)

MARC details
000 -CABECERA
campo de control de longitud fija 00612nam a2200217 a 4500
001 - NÚMERO DE CONTROL
campo de control BRCA_1690
005 - FECHA Y HORA DE LA ÚLTIMA TRANSACCIÓN
campo de control 20190320203517.0
008 - DATOS DE LONGITUD FIJA--INFORMACIÓN GENERAL
campo de control de longitud fija 820106s1980 mx-a---###---#000-0#spa-#
020 ## - NÚMERO INTERNACIONAL ESTÁNDAR DEL LIBRO
Número Internacional Estándar del Libro 9681609042
040 ## - FUENTE DE LA CATALOGACIÓN
Centro catalogador/agencia de origen DLC
Centro/agencia transcriptor DLC
Centro/agencia modificador DLC
041 ## - CÓDIGO DE LENGUA
Código de lengua del texto/banda sonora o título independiente spanah
050 #4 - SIGNATURA TOPOGRÁFICA DE LA BIBLIOTECA DEL CONGRESO
Número de clasificación F1219.56
Número de documento/Ítem .C63 1980
245 10 - MENCIÓN DE TÍTULO
Título Códice Borgia
Mención de responsabilidad, etc. traducción Mariana Frenk.
260 ## - PUBLICACIÓN, DISTRIBUCIÓN, ETC.
Lugar de publicación, distribución, etc. México
Nombre del editor, distribuidor, etc. FCE
Fecha de publicación, distribución, etc. 1963
Fecha de fabricación/manufactura 1980
300 ## - DESCRIPCIÓN FÍSICA
Extensión 76 p.
Otras características físicas il. a color
Dimensiones 29 cm.
440 #0 - MENCIÓN DE SERIE/PUNTO DE ACCESO ADICIONAL--TÍTULO
Título Sección de obras de antropología
9 (RLIN) 5285
650 14 - PUNTO DE ACCESO ADICIONAL DE MATERIA--TÉRMINO DE MATERIA
Término de materia o nombre geográfico como elemento de entrada Mitología Azteca
9 (RLIN) 2487
650 14 - PUNTO DE ACCESO ADICIONAL DE MATERIA--TÉRMINO DE MATERIA
Término de materia o nombre geográfico como elemento de entrada Calendario azteca
9 (RLIN) 777
700 1# - PUNTO DE ACCESO ADICIONAL--NOMBRE DE PERSONA
Nombre de persona Frenk, Mariana
9 (RLIN) 5286
942 ## - ELEMENTOS DE PUNTO DE ACCESO ADICIONAL (KOHA)
Fuente del sistema de clasificación o colocación Library of Congress Classification
Tipo de ítem Koha Libros
Holdings
Estado de retiro Estado de pérdida Estado dañado No para préstamo Localización permanente Ubicación/localización actual Fecha de adquisición Total de préstamos Signatura topográfica completa Código de barras Fecha visto por última vez Precio válido a partir de Tipo de ítem Koha
El ejemplar forma parte de la colección y puede ser consultado según las políticas vigentes.       Biblioteca del Museo Franz Mayer (Rogerio Casas-Alatriste) Biblioteca del Museo Franz Mayer (Rogerio Casas-Alatriste) 27/06/2008   F1219.56 .C63 1980 02326 22/03/2019 22/03/2019 Libros